|
|
|
|
| LEADER |
00866naa a2200289 a 4500 |
| 001 |
000017813 |
| 003 |
SVKKK |
| 005 |
20071205154446.0 |
| 008 |
030616c1997 xo e sloo |
| FMT |
|
|
|
| 038 |
|
|
|a SVKKK
|
| 040 |
|
|
|a SVKKK
|b slo
|e AACR2
|
| 041 |
0 |
|
|a slo
|
| 044 |
|
|
|a xo
|c SK
|
| 080 |
|
|
|a 656.13
|2 1981
|
| 100 |
1 |
|
|a Schwartz, Arpád
|4 aut
|
| 245 |
1 |
0 |
|a Rozvoj mestskej hromadnej dopravy v Košiciach do roku 2005
|c Schwartz Arpád,
|
| 300 |
|
|
|b Tab. 3
|
| 650 |
0 |
4 |
|a doprava hromadná mestská
|z Košice
|x stav súčasný
|x rozvoj
|y do r. 2005
|x príspevky diskusné
|
| 773 |
0 |
|
|t Rozvoj dopravy v meste Košice a priľahlom regióne
|d Košice : Expo-Educ, spol. s r.o. Dom techniky ZSVTS, 1997
|z 80-232-0165-4
|g S. 113-120
|
| 957 |
|
|
|a Košice
|
| 958 |
|
|
|a KE
|
| 974 |
|
|
|d 980603
|a Čr
|
| 992 |
|
|
|a RZB
|
| BAS |
|
|
|
| 852 |
|
|
|a SVKKK
|b BIB
|
| 998 |
|
|
|a REG
|